00440 a2200133 4500020001800000050001900018100003100037245006000068264004400128300001800172500005000190650002100240650004500261 a9788131513507 aHB615 RED 2010 aReddy, P. Narayanaeauthor aEntrepreneurship :btext and cases /cP. Narayana Reddy aDelhi :bCengage Learning India,c2010. a402p. :bill. aIncludes bibliographical references and index aEntrepreneurship aNew business enterprises -- Case studies